| 000 | 00401nam a22001577a 4500 | ||
|---|---|---|---|
| 020 | _a1-84362-954-2 | ||
| 082 |
_a823 _bMEA/S |
||
| 100 | _aMEADOWS, DAISY | ||
| 245 |
_aSCARLETT THE GARNET FAIRY _bTHE JEWEL FAIRIES |
||
| 246 |
_aSCARLETT THE GARNET FAIRY _bTHE JEWEL FAIRIES |
||
| 260 |
_aLONDON _bORCHARD BOOKS _c2005 |
||
| 300 | _a73 | ||
| 520 | _aSHORT STORY | ||
| 650 | _aSHORT STORY | ||
| 942 | _cBK | ||
| 999 |
_c3101 _d3101 |
||